000
00329 a2200157 4500
001
190485
020
_a
1-4050-5727-0
040
_c
Magnum
100
_a
Palin, Cheryl
240
1
0
_a
Pip the pirate
_l
ING
245
1
0
_a
Pip the pirate
300
_a
13
362
0
_a
2004
697
_a
LITERATURA INFANTIL INGLESA
942
_c
BK
999
_c
190485
_d
190485